Zwyciężcy Ligi Mistrzów - Statystyki

Ogólne statystyki
  • Ten quiz został rozwiązany 39 razy
  • Średni wynik to 48 z 70
Statystyki odpowiedzi
Rok Zwyciężca % Poprawnych
1956 Real Madryt
100%
1957 Real Madryt
100%
1958 Real Madryt
100%
1959 Real Madryt
100%
1960 Real Madryt
100%
1966 Real Madryt
100%
1998 Real Madryt
100%
2000 Real Madryt
100%
2002 Real Madryt
100%
2014 Real Madryt
100%
2016 Real Madryt
100%
2017 Real Madryt
100%
2018 Real Madryt
100%
2022 Real Madryt
100%
2024 Real Madryt
100%
1992 FC Barcelona
92%
2006 FC Barcelona
92%
2009 FC Barcelona
92%
2011 FC Barcelona
92%
2015 FC Barcelona
92%
1963 AC Milan
81%
1969 AC Milan
81%
1989 AC Milan
81%
1990 AC Milan
81%
1994 AC Milan
81%
2003 AC Milan
81%
2007 AC Milan
81%
1974 Bayern Monachium
81%
1975 Bayern Monachium
81%
1976 Bayern Monachium
81%
2001 Bayern Monachium
81%
2013 Bayern Monachium
81%
2020 Bayern Monachium
81%
2023 Manchester City
75%
1987 FC Porto
72%
2004 FC Porto
72%
1964 Inter Mediolan
72%
1965 Inter Mediolan
72%
2010 Inter Mediolan
72%
1968 Manchester United
69%
1999 Manchester United
69%
2008 Manchester United
69%
1977 FC Liverpool
67%
1978 FC Liverpool
67%
1981 FC Liverpool
67%
1984 FC Liverpool
67%
2005 FC Liverpool
67%
2019 FC Liverpool
67%
2025 Paris Saint-Germain
67%
1971 Ajax Amsterdam
56%
1972 Ajax Amsterdam
56%
1973 Ajax Amsterdam
56%
1995 Ajax Amsterdam
56%
1997 Borussia Dortmund
53%
2012 Chelsea FC
53%
2021 Chelsea FC
53%
1985 Juventus Turyn
47%
1996 Juventus Turyn
47%
1979 Nottingham Forest
39%
1980 Nottingham Forest
39%
1982 Aston Villa
33%
1991 Crvena Zvezda Belgrad
25%
1983 Hamburger SV
25%
1988 PSV Eindhoven
19%
1967 Celtic Glasgow
17%
1993 Olympique Marseille
8%
1961 Benfika Lizbona
0%
1962 Benfika Lizbona
0%
1970 RV & AV Feijenoord
0%
1986 Steaua București
0%
Nie znaleziono quizów pasujących do podanych kryteriów
Rozkład punktacji
Procent ludzi z każdym wynikiem
Percentyl według liczby udzielonych odpowiedzi
Twoja historia wyników
Nie rozwiązałeś tego quizu